Tile panels of Spain 1500-1650 (Record no. 7667)

MARC details
000 -CABECERA
campo de control de longitud fija 00817nam a2200253 a 4500
001 - NÚMERO DE CONTROL
campo de control BRCA_7998
005 - FECHA Y HORA DE LA ÚLTIMA TRANSACCIÓN
campo de control 20190320210104.0
008 - DATOS DE LONGITUD FIJA--INFORMACIÓN GENERAL
campo de control de longitud fija 140314t1969----u--a###f##---#000-0#eng-#
041 ## - CÓDIGO DE LENGUA
Código de lengua del texto/banda sonora o título independiente eng
044 ## - CÓDIGO DEL PAÍS DE LA ENTIDAD EDITORA/PRODUCTORA
Código MARC del país u
050 #4 - SIGNATURA TOPOGRÁFICA DE LA BIBLIOTECA DEL CONGRESO
Número de clasificación NK4670
Número de documento/Ítem .F941 1969
100 1# - ENTRADA PRINCIPAL--NOMBRE DE PERSONA
Nombre de persona Frothingham, Alice Wilson
9 (RLIN) 19856
245 10 - MENCIÓN DE TÍTULO
Título Tile panels of Spain 1500-1650
Mención de responsabilidad, etc. Alice Wilson Frothingham.
260 ## - PUBLICACIÓN, DISTRIBUCIÓN, ETC.
Lugar de publicación, distribución, etc. Nueva York
Nombre del editor, distribuidor, etc. The Hispanic Society of America
Fecha de publicación, distribución, etc. 1969
300 ## - DESCRIPCIÓN FÍSICA
Extensión XV, 106 p.
Otras características físicas il. (algunas a color), 178 láminas
Dimensiones 26 cm.
500 ## - NOTA GENERAL
Nota general Dedicatoria de la autora al señor Franz Mayer
500 ## - NOTA GENERAL
Nota general Ejemplar igual a 3035
500 ## - NOTA GENERAL
Nota general 3108
650 14 - PUNTO DE ACCESO ADICIONAL DE MATERIA--TÉRMINO DE MATERIA
Término de materia o nombre geográfico como elemento de entrada Azulejos españoles
Subdivisión cronológica 1500-1650
9 (RLIN) 19677
650 14 - PUNTO DE ACCESO ADICIONAL DE MATERIA--TÉRMINO DE MATERIA
Término de materia o nombre geográfico como elemento de entrada Cerámica
Subdivisión de forma Historia
Subdivisión geográfica España
9 (RLIN) 19678
650 14 - PUNTO DE ACCESO ADICIONAL DE MATERIA--TÉRMINO DE MATERIA
Término de materia o nombre geográfico como elemento de entrada Cerámica
Subdivisión de forma Decoración
Subdivisión geográfica España
9 (RLIN) 19679
902 ## - CATALOGADOR
Iniciales GFM
942 ## - ELEMENTOS DE PUNTO DE ACCESO ADICIONAL (KOHA)
Fuente del sistema de clasificación o colocación Library of Congress Classification
Tipo de ítem Koha Libros
Holdings
Estado de retiro Estado de pérdida Estado dañado No para préstamo Localización permanente Ubicación/localización actual Fecha de adquisición Número de inventario Total de préstamos Signatura topográfica completa Código de barras Fecha visto por última vez Precio válido a partir de Tipo de ítem Koha
El ejemplar forma parte de la colección y puede ser consultado según las políticas vigentes.       Biblioteca del Museo Franz Mayer (Rogerio Casas-Alatriste) Biblioteca del Museo Franz Mayer (Rogerio Casas-Alatriste) 14/03/2014 3108   NK4670 .F941 1969 (3108) 8609 22/03/2019 22/03/2019 Libros